Theory of rank tests /

Guardado en:
Autor Principal: Hájek, Jaroslav.
Otros Autores: Sidák, Zbynek.
Formato: Libro
Idioma:English
Publicado: New York : Prague : Academic Press ; Academia, 1967.
Etiquetas: Agregar Etiqueta
Sin Etiquetas, Sea el primero en etiquetar este registro!
LEADER 00637nam a22001935a 4500
001 MAT.inmabb002345
008 831006s1967####nyu######b####001#0#eng#d
005 20130315183019.0
245 1 0 |a Theory of rank tests /  |c Jaroslav Hájek, Zbynek Sidák. 
260 |a New York :  |b Academic Press ;  |a Prague :  |b Academia,  |c 1967. 
300 |a 297 p. ;  |c 25 cm. 
504 |a Bibliografía: p. [281]-290. 
510 4 |a MR,  |c 37 #4925 
100 1 |a Hájek, Jaroslav. 
700 1 |a Sidák, Zbynek. 
084 |a 62G10 (62G20 62G30)  |2 msc2000 
010 |a  66019131  
859 |h 62  |i H154  |p A-4017  |b BIB. MATEMATICA 
859 |h 62  |i H154  |p A-8253  |t Ej. 2  |b BIB. MATEMATICA